Top firms nab 23% more work (Record no. 83214)

MARC details
000 -LEADER
fixed length control field 00986cab a22002175a 4500
001 - CONTROL NUMBER
control field L153171
008 - FIXED-LENGTH DATA ELEMENTS--GENERAL INFORMATION
fixed length control field 110620e20110421xxk 000 0 eng d
035 ## - SYSTEM CONTROL NUMBER
System control number (Sirsi) u153171
041 0# - LANGUAGE CODE
Language code of text/sound track or separate title eng
100 1# - MAIN ENTRY--PERSONAL NAME
Personal name Withers, Iain
245 00 - TITLE STATEMENT
Title Top firms nab 23% more work
Remainder of title business barometer, public sector boosts contractors' workload, but performance is still worse than same period last year
260 ## - PUBLICATION, DISTRIBUTION, ETC.
Date of publication, distribution, etc. 2011
490 ## - SERIES STATEMENT
Series statement Building
Volume/sequential designation 276(8683) 17 June 2011, 16-17(2)
520 ## - SUMMARY, ETC.
Summary, etc. Overview, tables of top contractors excluding and including civils for work won in May 2011, yearly work won 1 May 2010-31 May2011, and top architects, clients/promoters and quantity surveyors 1 May 2010 to 31 May 2011, comment on orders and output; supermarkets lead the way in retail growth; house sales lowest since January.
590 ## - LOCAL NOTE (RLIN)
Local note KA
651 #4 - SUBJECT ADDED ENTRY--GEOGRAPHIC NAME
Geographic name United Kingdom
Chronological subdivision
690 ## - LOCAL SUBJECT ADDED ENTRY--TOPICAL TERM (OCLC, RLIN)
Topical term or geographic name as entry element BUILT ENVIRONMENT-CONSTRUCTION MARKET
700 1# - ADDED ENTRY--PERSONAL NAME
Personal name Green, Brian
700 1# - ADDED ENTRY--PERSONAL NAME
Personal name Forrest, Kelly
942 ## - ADDED ENTRY ELEMENTS (KOHA)
Suppress in OPAC 0
Holdings
Withdrawn status Lost status Source of classification or shelving scheme Damaged status Not for loan Home library Current library Shelving location Date acquired Total Checkouts Full call number Barcode Date last seen Copy number Price effective from Koha item type
    Dewey Decimal Classification     London London Journal article 20/06/2011   L153171 153171-1001 06/08/2019 1 06/08/2019 Journal article